Datum a čas kvízu
34.5
Celkem bodů
Celkový počet nahraných bodů na tomto kvízu bez doplňovacích otázek.
6.
Pořadí na kvízu
Konečné umístění týmu na tomto kvízu.
Zaznamenané odpovědi
| # | Otázka | Odpověď | Body | Výsledky |
|---|---|---|---|---|
| 1. | Minulý týden navštívila Českou... | Evropský parlament | 0 | |
| 2. | Minulý týden se stala hitem so... | Slovensko, ministerstvo kultury | 1 | |
| 3. | Jak se nazývá oblíbený komiks,... | Čtyřlístek | 1 | |
| 4. | Nejstarší hračkářství na světě... | Hamleys | 1 | |
| 5. | Pražská Sparta si z úvodního z... | 3:2 | 1 | |
| 6. | Obec s nejdelším názvem v Česk... | A | 1 | |
| 7. | Česká republika se dělí na 14... | Karlovy Vary, Jihlava | 1 | |
| 8. | Nejníže položené sídlo v České... | Hřensko | 1 | |
| 9. | V této otázce bude potřeba k z... | 1A 2D 3B 4C | 1 | |
| 10. | V České republice jsou čtyři ú... | NP Šumava | 0 |